Legal Method / (Record no. 613392)

000 -LEADER
fixed length control field 00384nam a22001577a 4500
020 ## - INTERNATIONAL STANDARD BOOK NUMBER
International Standard Book Number 9781137027689
082 ## - DEWEY DECIMAL CLASSIFICATION NUMBER
Classification number 349.41
Author Mark MCL
100 ## - MAIN ENTRY--PERSONAL NAME
Personal name Mcleod, Ian
9 (RLIN) 128426
245 ## - TITLE STATEMENT
Title Legal Method /
Statement of responsibility, etc. Ian Mcleod
250 ## - EDITION STATEMENT
Edition statement 9th Edition.
260 ## - PUBLICATION, DISTRIBUTION, ETC.
Place of publication, distribution, etc. London :
Name of publisher, distributor, etc. Red Blobe Press,
Date of publication, distribution, etc. 2019.
300 ## - PHYSICAL DESCRIPTION
Extent 339 p.
563 ## - BINDING INFORMATION
Binding note HB.
650 ## - SUBJECT ADDED ENTRY--TOPICAL TERM
Topical term or geographic name entry element Law, Legal Method
9 (RLIN) 128427
942 ## - ADDED ENTRY ELEMENTS (KOHA)
Source of classification or shelving scheme
Koha item type Book
Holdings
Withdrawn status Lost status Source of classification or shelving scheme Damaged status Not for loan Permanent Location Current Location Date acquired Total Checkouts Full call number Barcode Date last seen Price effective from Koha item type
          NUST Law School (NLS) NUST Law School (NLS) 03/18/2025   349.41 MCL NLS-1474 03/18/2025 03/18/2025 Book
© 2023 Central Library, National University of Sciences and Technology. All Rights Reserved.